000 00719cam a22002054a 4500
005 20250605164009.0
008 250528s ||||||||||||||||||||||||d
035 _a15917
020 _a130901253
040 _aGR-AtMCL
_bgre
_dGR-AtMCL
_eAACR2
245 1 _aCompact Guide to Web Page Creation and Design / Second Edition
250 _a2nd
260 _bPrentice Hall,
_c2001
300 _a90
520 _aOverview of Web Publishing, Basic HTML, Enhancing the Home Page, Linking to Other Documents and Creating Forms, Enhancing and Evaluating a Home Page, Alphabetized List of HTML Tags and Attributes Used in This Book.
700 1 _aEricksen Linda
_91947
942 _cBK
999 _c1465
_d1465